မွၵ်ႇမူဝ်ၶမ်းႁႃႈလူင်ႇလႄႈ တြႃးမင်ႇၵလႃႇ / (Record no. 26074)
[ view plain ]
| 000 -LEADER | |
|---|---|
| fixed length control field | 01077nam a22002297a 4500 |
| 003 - CONTROL NUMBER IDENTIFIER | |
| control field | OSt |
| 005 - DATE AND TIME OF LATEST TRANSACTION | |
| control field | 20260128094711.0 |
| 008 - FIXED-LENGTH DATA ELEMENTS--GENERAL INFORMATION | |
| fixed length control field | 230620b ||||| |||| 00| 0 eng d |
| 040 ## - CATALOGING SOURCE | |
| Transcribing agency | SSBUL |
| 041 ## - LANGUAGE CODE | |
| Language code of text/sound track or separate title | Shan |
| 082 ## - DEWEY DECIMAL CLASSIFICATION NUMBER | |
| Edition number | 23 |
| Classification number | 294.3443 |
| 100 0# - MAIN ENTRY--PERSONAL NAME | |
| Personal name | ပိင်ႇၺႃႇၼၼ်ႇတ(လွႆၶိူဝ်း)၊ |
| Titles and words associated with a name | ၸဝ်ႈ။ |
| 245 10 - TITLE STATEMENT | |
| Title | မွၵ်ႇမူဝ်ၶမ်းႁႃႈလူင်ႇလႄႈ တြႃးမင်ႇၵလႃႇ / |
| Statement of responsibility, etc. | ၸဝ်ႈပိင်ႇၺႃႇၼၼ်ႇတ(လွႆၶိူဝ်း)။ |
| 260 ## - PUBLICATION, DISTRIBUTION, ETC. | |
| Place of publication, distribution, etc. | ဝဵင်းလိူဝ်ႇ၊ |
| Name of publisher, distributor, etc. | တႆးၵမ်ႇပေႃးၸ၊ |
| Date of publication, distribution, etc. | 2016 ။ |
| 300 ## - PHYSICAL DESCRIPTION | |
| Extent | 136 ၼႃႈ၊ |
| Dimensions | 25 ၸိၼ်ႇတီႇ။ |
| 500 ## - GENERAL NOTE | |
| General note | မၢႆတွင်းပွႆးၶွၼ်ႇၽရႅၼ်ႉလိၵ်ႈလူင် ပွၵ်ႈၵမ်း(3) ဝဵင်းလႃႈသဵဝ်ႈ။ |
| General note | S-SAT: Dr. Prof Sai Aung Tun |
| 650 ## - SUBJECT ADDED ENTRY--TOPICAL TERM | |
| Topical term or geographic name entry element | တြႃးၽြႃးပဵၼ်ၸဝ်ႈ |
| 942 ## - ADDED ENTRY ELEMENTS (KOHA) | |
| Koha item type | Books (Long term) |
| 100 0# - MAIN ENTRY--PERSONAL NAME | |
| 9 (RLIN) | 26430 |
| Source of classification or shelving scheme | |
| Source of classification or shelving scheme | |
| Withdrawn status | Lost status | Source of classification or shelving scheme | Damaged status | Not for loan | Collection Code | Permanent Location | Current Location | Shelving location | Date acquired | Total Checkouts | Full call number | Barcode | Date last seen | Price effective from | Koha item type | Accession |
|---|---|---|---|---|---|---|---|---|---|---|---|---|---|---|---|---|
| Tai Collection | Shan State Buddhist University Library | Shan State Buddhist University Library | Tai Shelves | 21/06/2023 | 294.3443 ပိင်ႇ ႘႑႒(1) | SH00000812 | 21/06/2023 | 21/06/2023 | Books (Long term) | ႘႑႒(1) | ||||||
| Tai Collection | Shan State Buddhist University Library | Shan State Buddhist University Library | Tai Shelves | 21/06/2023 | 294.3443 ပိင်ႇ ႘႑႓(2) | SH00000813 | 21/06/2023 | 21/06/2023 | Books (Long term) | ႘႑႓(2) | ||||||
| Tai Collection | Shan State Buddhist University Library | Shan State Buddhist University Library | Tai Shelves | 21/06/2023 | 294.3443 ပိင်ႇ ႘႑႔(3) | SH00000814 | 21/06/2023 | 21/06/2023 | Books (Long term) | ႘႑႔(3) | ||||||
| Tai Collection | Shan State Buddhist University Library | Shan State Buddhist University Library | Tai Shelves | 21/06/2023 | 294.3443 ပိင်ႇ ႘႑႕(4) | SH00000815 | 21/06/2023 | 21/06/2023 | Books (Long term) | ႘႑႕(4) | ||||||
| Tai Collection | Shan State Buddhist University Library | Shan State Buddhist University Library | Tai Shelves | 21/06/2023 | 294.3443 ပိင်ႇ ႘႑႖(5) | SH00000816 | 21/06/2023 | 21/06/2023 | Books (Long term) | ႘႑႖(5) | ||||||
| Tai Collection | Shan State Buddhist University Library | Shan State Buddhist University Library | Tai Shelves | 21/06/2023 | 294.3443 ပိင်ႇ ႘႑႗(6) | SH00000817 | 21/06/2023 | 21/06/2023 | Books (Long term) | ႘႑႗(6) | ||||||
| Tai Collection | Shan State Buddhist University Library | Shan State Buddhist University Library | Tai Shelves | 21/06/2023 | 294.3443 ပိင်ႇ ႙႓႐(7) | SH00000930 | 21/06/2023 | 21/06/2023 | Books (Long term) | ႙႓႐(7) | ||||||
| Special Collections | Shan State Buddhist University Library | Shan State Buddhist University Library | Special Collection Shelves | 21/06/2023 | 294.3443 ပိင်ႇ ႒႕႓႙ S-SAT | SH00002539 | 21/06/2023 | 21/06/2023 | Books (Long term) | ႒႕႓႙ S-SAT |